Chanson à trous : Johnny Hallyday - Allumer le feu - Statistiques

Statistiques générales
  • Ce quiz a été pris 166 fois
  • Le résultat moyen est 9 sur 13
Statistiques - réponses
Couplets Allumer le feu % Correct
1 Tourner le temps à l'orage Revenir à l'état {sauvage}
99%
3 Sentir le vent qui se déchaîne Battre le sang dans nos {veines}
98%
11 Lâcher le {lion} dans l'arène Je veux la foudre et l'éclair
93%
8 Allumer le feu Allumer le feu Et voir grandir la {flamme} dans vos yeux
91%
4 Monter le son des guitares Et le bruit des {motos} qui démarrent
77%
2 Forcer les portes, les barrages Sortir le {loup} de sa cage
76%
13 Je veux la {foule} en délire
76%
1 Nos haches de guerre, nos problèmes Se libérer de nos {chaînes}
76%
7 Pour Allumer le feu Allumer le feu Et faire danser les {diables} et les dieux
74%
5 Il suffira d'une étincelle D'un rien, d'un {geste}
69%
6 Il suffira d'une étincelle Et d'un {mot} {d}'{amour}
47%
9 Allumer le feu Laisser derrière toutes nos {peines}
42%
12 L'odeur de poudre, le tonnerre Je veux la {fête} et les rires
15%
Aucun quiz correspondant
Distribution des résultats
% des personnes avec chaque résultat
Percentile par nombre de réponses
Votre historique - résultats
Vous n’avez pas pris ce quiz